La resolución infantil de problemas

Αποθηκεύτηκε σε:
Λεπτομέρειες βιβλιογραφικής εγγραφής
Κύριος συγγραφέας: Thornton, Stephanie (Συγγραφέας)
Μορφή: Βιβλίο
Γλώσσα:Ισπανικά
Έκδοση: Madrid Morata 1998
Έκδοση:1a. ed
Σειρά:Colección Psicología. Serie El Desarrollo en el Niño, 22
Θέματα:
Ετικέτες: Προσθήκη ετικέτας
Δεν υπάρχουν, Καταχωρήστε ετικέτα πρώτοι!

MARC

LEADER 00000nam a2200000 a 4500
001 UCQ6715
003 CL-VaPUC
008 981023e19980000SP |||||||||||||||||spa|d
020 |a 8471124203 
082 0 4 |a 155.4  |b THO  |2 21 
100 0 |a Thornton, Stephanie  |e author  |9 420611 
245 1 3 |a La resolución infantil de problemas 
250 |a 1a. ed 
300 |a 167 p 
942 |c BK 
945 |d 19981023 00:00:00  |a aarredon 
260 |a Madrid  |b Morata  |c 1998 
650 0 |a Psicología del niño  |9 307305 
650 0 |a Desarrollo individual   |9 307875 
650 0 |a Razonamiento  |9 256520 
650 0 |a Resolución de problemas  |9 407199 
583 |a last modification  |c 20130106 11:54:01  |k Rodrigo Vera 
490 0 |a Colección Psicología. Serie El Desarrollo en el Niño, 22 
999 |c 276653  |d 276651 
952 |0 0  |1 0  |4 0  |6 155_400000000000000_THO_1998  |7 0  |8 A  |9 314026  |a BIBEDU  |b BIBEDU  |d 2019-11-20  |i 3472965  |o 155.4 THO 1998  |p 3472965  |r 2019-11-20  |w 2019-11-20  |y BK  |k EPE 
952 |0 0  |1 0  |4 0  |6 155_400000000000000_THO_1998  |7 0  |8 A  |9 314027  |a BIBEDU  |b BIBEDU  |d 2019-11-20  |i 4767616  |o 155.4 THO 1998  |p 4767616  |r 2019-11-20  |w 2019-11-20  |y BK  |k EPE